000 01071nam a22002537i 4500
999 _c23054
_d23054
003 AR-CdUCM
008 240916b20202020 peo|||| |||| 00| 0 spa d
020 _a978-84-18075-02-5
040 _aMUNICIPALIDAD PROVINCIAL DEL CUSCO
_cBIBLIOTECA MUNICIPAL DEL CUSCO
041 _hspa
082 _a641.6 / M86
_bM86
100 _aMorton, James
_950478
245 _aSuper masa madre :
_bGuía Infalible para elaborar panes exquisitos en casa /
260 _aBarcelona :
_bBLUME
_c2020
300 _a255 páginas. :
_b26 cm.
505 _a10 principios de la masa madre -- Ingredientes y equipo -- Pain au levain -- Entender la masa -- Entender los cultivos -- Solución de problemas con el pan -- Recetas sencillas -- Panes blancos para compartir -- Panecillos -- Panes más oscuros -- Experimentos -- Enriquecidos -- Restos de cultivo
650 _aRecetario
_950401
650 _aPanaderia
_950479
650 _aMasa madre
_950480
650 _aPreparación de panes
_950481
650 _aRecetas sencillas
_950482
942 _2ddc
_cLIBROS
945 _apbj
_d2024/09/16